Vainqueurs du Master 1000 de Paris - Statistiques

Statistiques générales
  • Ce quiz a été pris 57 fois
  • Le résultat moyen est 21 sur 35
Statistiques - réponses
Champions % Correct
2023 Djokovic
100%
2021 Djokovic
100%
2019 Djokovic
100%
2015 Djokovic
100%
2014 Djokovic
100%
2013 Djokovic
100%
2009 Djokovic
100%
2011 Federer
96%
2024 Zverev
87%
2016 Murray
83%
2020 Medvedev
77%
2022 Rune
72%
1999 Agassi
66%
1994 Agassi
66%
2012 Ferrer
66%
2008 Tsonga
66%
1997 Sampras
62%
1995 Sampras
62%
2018 Khachanov
55%
2017 Sock
51%
2007 Nalbandian
43%
2004 Safin
40%
2002 Safin
40%
2000 Safin
40%
1990 Edberg
38%
1992 Becker
36%
1991 Forget
36%
2006 Davydenko
34%
2010 Soderling
34%
2001 Grosjean
30%
2005 Berdych
28%
1993 Ivanisevic
26%
2003 Henman
19%
1996 Enqvist
15%
1998 Rusedski
11%
Aucun quiz correspondant
Distribution des résultats
% des personnes avec chaque résultat
Percentile par nombre de réponses
Votre historique - résultats
Vous n’avez pas pris ce quiz